| 000 | 00377nam a22001217a 4500 | ||
|---|---|---|---|
| 040 | _cNust | ||
| 082 |
_a355 _bKEN |
||
| 100 | _aKennedy, Paul | ||
| 245 |
_aThe Rise and Fall of The Great Powers, _bEconomic Change and Military Conflict From 1500 to 2000 |
||
| 260 |
_aUSA: _bHarper Collins, _c1988. |
||
| 650 |
_aThe Rise and Fall of The Great Powers _9124010 |
||
| 942 |
_2ddc _cBK |
||
| 999 |
_c609987 _d609987 |
||